00292 2200121 4500001002100000005001500021035002000036245004800056100002400104260002200128082000800150990001200158INLIS00000000000213020250527112241 a0010-05250004221 aBuku Pintar Psikotes /cSujono Sumarjo dkk.0 aSujono Sumarjo dkk. bDiva Press,c2004 a081 a0712687